Learning CADKEY / (Record no. 615879)
[ view plain ]
| 000 -LEADER | |
|---|---|
| fixed length control field | 01300cam a2200385 a 4500 |
| 001 - CONTROL NUMBER | |
| control field | 2024117 |
| 005 - DATE AND TIME OF LATEST TRANSACTION | |
| control field | 20260120164447.0 |
| 008 - FIXED-LENGTH DATA ELEMENTS--GENERAL INFORMATION | |
| fixed length control field | 910906s1991 nyua 001 0 eng |
| 010 ## - LIBRARY OF CONGRESS CONTROL NUMBER | |
| LC control number | 91192739 |
| 020 ## - INTERNATIONAL STANDARD BOOK NUMBER | |
| International Standard Book Number | 0070447918 |
| 020 ## - INTERNATIONAL STANDARD BOOK NUMBER | |
| International Standard Book Number | 9780070447912 |
| 035 ## - SYSTEM CONTROL NUMBER | |
| System control number | 2024117 |
| 040 ## - CATALOGING SOURCE | |
| Original cataloging agency | DLC |
| Transcribing agency | DLC |
| 050 00 - LIBRARY OF CONGRESS CALL NUMBER | |
| Classification number | T385 |
| Item number | .M382 1991 |
| 082 00 - DEWEY DECIMAL CLASSIFICATION NUMBER | |
| Classification number | 620.0042 MCG |
| Edition number | 20 |
| 100 1# - MAIN ENTRY--PERSONAL NAME | |
| Personal name | McGinnis, Richard G. |
| 9 (RLIN) | 22209 |
| 110 ## - MAIN ENTRY--CORPORATE NAME | |
| Corporate name or jurisdiction name as entry element | Richard G. McGinnis Jr. |
| 9 (RLIN) | 132854 |
| 245 10 - TITLE STATEMENT | |
| Title | Learning CADKEY / |
| Statement of responsibility, etc. | Richard G. McGinnis and Richard G. McGinnis Jr. |
| 260 ## - PUBLICATION, DISTRIBUTION, ETC. | |
| Place of publication, distribution, etc. | New York, N.Y. : |
| Name of publisher, distributor, etc. | McGraw Hill, |
| Date of publication, distribution, etc. | [c1991]. |
| 300 ## - PHYSICAL DESCRIPTION | |
| Extent | xvi, 266 p. : |
| Other physical details | ill. ; |
| Dimensions | 28 cm. |
| 336 ## - CONTENT TYPE | |
| Content type term | text |
| Content type code | txt |
| Source | rdacontent |
| 337 ## - MEDIA TYPE | |
| Media type term | unmediated |
| Media type code | n |
| Source | rdamedia |
| 338 ## - CARRIER TYPE | |
| Carrier type term | volume |
| Carrier type code | nc |
| Source | rdacarrier |
| 500 ## - GENERAL NOTE | |
| General note | Cover title. |
| 500 ## - GENERAL NOTE | |
| General note | "Written for CADKEY 4 and CADKEY LIGHT"-Cover. |
| 500 ## - GENERAL NOTE | |
| General note | Includes index. |
| 630 00 - SUBJECT ADDED ENTRY--UNIFORM TITLE | |
| Uniform title | CADKey. |
| 9 (RLIN) | 132855 |
| 650 #0 - SUBJECT ADDED ENTRY--TOPICAL TERM | |
| Topical term or geographic name entry element | Computer graphics. |
| 9 (RLIN) | 1225 |
| 650 #0 - SUBJECT ADDED ENTRY--TOPICAL TERM | |
| Topical term or geographic name entry element | Computer-aided design. |
| 700 1# - ADDED ENTRY--PERSONAL NAME | |
| Personal name | McGinnis, Richard G., |
| Titles and other words associated with a name | Jr. |
| 9 (RLIN) | 132856 |
| 906 ## - LOCAL DATA ELEMENT F, LDF (RLIN) | |
| a | 7 |
| b | cbc |
| c | orignew |
| d | 2 |
| e | ncip |
| f | 19 |
| g | y-gencatlg |
| 942 ## - ADDED ENTRY ELEMENTS (KOHA) | |
| Source of classification or shelving scheme | |
| Koha item type | Book |
| Withdrawn status | Lost status | Source of classification or shelving scheme | Damaged status | Not for loan | Permanent Location | Current Location | Date acquired | Total Checkouts | Full call number | Barcode | Date last seen | Price effective from | Koha item type | Public note |
|---|---|---|---|---|---|---|---|---|---|---|---|---|---|---|
| College of Electrical & Mechanical Engineering (CEME) | College of Electrical & Mechanical Engineering (CEME) | 01/20/2026 | 620.0042 MCG | CEME-32945 | 01/20/2026 | 01/20/2026 | Book | 4.1 |
